ロード中...
Archaeological sites in their setting /
| 第一著者: | |
|---|---|
| フォーマット: | Printed Book |
| 言語: | English |
| 出版事項: |
London :
Thames & Hudson,
1978.
|
| LEADER | 00487nam a2200133Ia 4500 | ||
|---|---|---|---|
| 008 | 150624b xxu||||| |||| 00| 0 eng d | ||
| 082 | |a 913.031 | ||
| 100 | |a Vita-Finzi, Claudio | ||
| 245 | |a Archaeological sites in their setting / |c Claudio Vita-Finzi | ||
| 260 | |a London : |b Thames & Hudson, |c 1978. | ||
| 300 | |a 175 p. | ||
| 942 | |c BK | ||
| 999 | |c 29272 |d 29272 | ||
| 952 | |0 0 |1 0 |4 0 |6 913_031000000000000_VIT_A |7 0 |9 29271 |a UL |b UL |c ST1 |d 1998-09-24 |l 1 |o 913.031 VIT/A |p 40716 |r 2016-01-30 |s 2016-01-07 |w 2012-10-27 |y BK | ||